000 00431nam a22001457a 4500
999 _c15668
_d15668
008 201016b ||||| |||| 00| 0 eng d
020 _a9715422721
082 _22000
_aDFil 899.2112
_bP58
100 _aPichay, Nicolas
_942402
245 _aAlmanac for a revolution/
_cNicolas Pichay
260 _aQuezon City:
_bUP Press,
_c ©2000.
300 _ax, 111 pages;
_c23 cm.
650 _aPhilippine Drama.
_942403
942 _2ddc
_cDFIL